00346nam a2200121Ia 4500008004100000020001500041082001600056100002500072245001800097260007600115300002000191490001300211250529s9999 xx 000 0 und d a9991571884 a891.4891SHA aHussain Salaahudheen 0ashaikhzubairu aMale'bDhivehi Bahaai Thaareekhah Khidhumaiykuraa Qaumee Marukazuc1999 a207 p. ; 22 cm. vMalas 36